[Event "WYCC Girls U16"]
[Site "Porto Carras"]
[Date "2015.10.31"]
[Round "6.9"]
[White "Buiza Prieto, Eihartze"]
[Black "Georgescu, Lena"]
[Result "1-0"]
[BlackElo "2014"]
[WhiteElo "2057"]
[LiveChessVersion "1.4.6"]

1. e4 {[%clk 1:30:57]} c5 {[%clk 1:30:56]} 2. Nf3 {[%clk 1:30:26]} d6
{[%clk 1:31:20]} 3. d4 {[%clk 1:30:43]} cxd4 {[%clk 1:31:44]} 4. Nxd4
{[%clk 1:31:01]} Nf6 {[%clk 1:32:07]} 5. Nc3 {[%clk 1:31:25]} Nc6
{[%clk 1:32:34]} 6. Bg5 {[%clk 1:31:45]} e6 {[%clk 1:32:59]} 7. Qd2
{[%clk 1:31:49]} a6 {[%clk 1:33:22]} 8. O-O-O {[%clk 1:31:38]} Bd7
{[%clk 1:33:46]} 9. f4 {[%clk 1:31:06]} b5 {[%clk 1:33:42]} 10. Bxf6
{[%clk 1:29:31]} gxf6 {[%clk 1:34:04]} 11. Kb1 {[%clk 1:27:59]} Qb6
{[%clk 1:34:24]} 12. Nxc6 {[%clk 1:28:21]} Bxc6 {[%clk 1:34:47]} 13. f5
{[%clk 1:28:36]} h5 {[%clk 1:34:46]} 14. fxe6 {[%clk 1:21:45]} fxe6
{[%clk 1:35:07]} 15. Bd3 {[%clk 1:22:04]} O-O-O {[%clk 1:20:52]} 16. Ne2
{[%clk 1:16:01]} Kb8 {[%clk 1:03:24]} 17. Rhf1 {[%clk 1:13:09]} Bh6
{[%clk 0:59:28]} 18. Qc3 {[%clk 1:11:19]} Bg5 {[%clk 0:57:04]} 19. Nd4
{[%clk 1:09:26]} Bd7 {[%clk 0:56:55]} 20. Nf3 {[%clk 1:06:56]} Rc8
{[%clk 0:48:09]} 21. Qe1 {[%clk 1:02:54]} Bh6 {[%clk 0:44:30]} 22. Qh4
{[%clk 0:58:32]} Bg7 {[%clk 0:42:54]} 23. e5 {[%clk 0:44:06]} dxe5
{[%clk 0:37:48]} 24. Nxe5 {[%clk 0:44:08]} fxe5 {[%clk 0:34:07]} 25. Rf7
{[%clk 0:42:39]} Qd4 {[%clk 0:31:06]} 26. Qxd4 {[%clk 0:40:26]} exd4
{[%clk 0:31:29]} 27. Rxd7 {[%clk 0:38:31]} Be5 {[%clk 0:25:07]} 28. Re1
{[%clk 0:37:38]} Bc7 {[%clk 0:24:04]} 29. Rxe6 {[%clk 0:36:09]} Rce8
{[%clk 0:21:58]} 30. Rxe8+ {[%clk 0:36:23]} Rxe8 {[%clk 0:22:20]} 31. a4
{[%clk 0:36:28]} bxa4 {[%clk 0:17:42]} 32. Rxd4 {[%clk 0:33:41]} Bxh2
{[%clk 0:15:28]} 33. Rh4 {[%clk 0:29:07]} Bd6 {[%clk 0:15:10]} 34. Rxh5
{[%clk 0:26:33]} Rg8 {[%clk 0:13:06]} 35. Rh6 {[%clk 0:22:18]} Kc7
{[%clk 0:12:40]} 36. Be4 {[%clk 0:17:28]} Rb8 {[%clk 0:10:10]} 37. Rh7+
{[%clk 0:15:33]} Kd8 {[%clk 0:09:20]} 38. Ka2 {[%clk 0:14:42]} Rb4
{[%clk 0:06:39]} 39. Bf5 {[%clk 0:13:38]} Be5 {[%clk 0:06:52]} 40. c3
{[%clk 0:43:10]} Rf4 {[%clk 0:36:52]} 41. g4 {[%clk 0:40:03]} Rf2
{[%clk 0:37:11]} 42. Rd7+ {[%clk 0:40:13]} Ke8 {[%clk 0:37:25]} 43. Rd3
{[%clk 0:40:28]} Ke7 {[%clk 0:34:49]} 44. Re3 {[%clk 0:36:10]} Kf6
{[%clk 0:34:11]} 45. Bd7 {[%clk 0:34:43]} Rg2 {[%clk 0:34:07]} 46. Bc8
{[%clk 0:34:17]} a5 {[%clk 0:33:54]} 47. Ka3 {[%clk 0:33:18]} Bc7
{[%clk 0:32:39]} 48. Re4 {[%clk 0:30:55]} Rg1 {[%clk 0:25:59]} 49. Kxa4
{[%clk 0:29:00]} Ra1+ {[%clk 0:25:33]} 50. Kb5 {[%clk 0:28:30]} Rb1
{[%clk 0:25:01]} 51. Re2 {[%clk 0:26:46]} Ra1 {[%clk 0:23:55]} 52. c4
{[%clk 0:23:42]} Ra2 {[%clk 0:23:31]} 53. c5 {[%clk 0:22:53]} a4 {[%clk 0:23:51]}
54. Kb4 {[%clk 0:20:11]} Kg5 {[%clk 0:20:54]} 55. Be6 {[%clk 0:17:51]} Ra1
{[%clk 0:21:00]} 56. Bd7 {[%clk 0:17:34]} Ra2 {[%clk 0:20:47]} 57. Bxa4
{[%clk 0:13:39]} Kxg4 {[%clk 0:21:05]} 58. Bc6 {[%clk 0:13:01]} Kf4
{[%clk 0:20:12]} 59. Bd5 {[%clk 0:13:00]} Ra1 {[%clk 0:20:06]} 60. Kb5
{[%clk 0:12:53]} Be5 {[%clk 0:19:30]} 61. c6 {[%clk 0:11:36]} Rb1
{[%clk 0:19:29]} 62. b4 {[%clk 0:11:14]} Bd6 {[%clk 0:18:57]} 63. Re4+
{[%clk 0:11:23]} Kf5 {[%clk 0:19:17]} 64. Rc4 {[%clk 0:11:41]} Ke5
{[%clk 0:18:45]} 65. Bg2 {[%clk 0:11:27]} Rb2 {[%clk 0:18:48]} 66. c7
{[%clk 0:09:08]} Bxc7 {[%clk 0:19:03]} 67. Rxc7 {[%clk 0:09:32]} Rxg2
{[%clk 0:19:29]} 68. Rc6 {[%clk 0:09:44]} Kd5 {[%clk 0:14:18]} 69. Kb6
{[%clk 0:09:52]} Rg8 {[%clk 0:13:06]} 70. b5 {[%clk 0:09:59]} Rd8
{[%clk 0:10:58]} 71. Kb7 {[%clk 0:09:35]} Rh8 {[%clk 0:10:09]} 72. b6
{[%clk 0:09:33]} Rg8 {[%clk 0:10:21]} 73. Rc8 {[%clk 0:09:54]} Rg1
{[%clk 0:09:48]} 74. Kb8 {[%clk 0:10:01]} Kd6 {[%clk 0:09:07]} 75. b7
{[%clk 0:07:41]} Kd7 {[%clk 0:09:22]} 76. Rc4 {[%clk 0:07:49]} Ra1
{[%clk 0:08:41]} 77. Rd4+ {[%clk 0:07:25]} Ke7 {[%clk 0:08:56]} 78. Kc7
{[%clk 0:07:32]} Rc1+ {[%clk 0:09:18]} 79. Kb6 {[%clk 0:07:53]} Rb1+
{[%clk 0:09:40]} 80. Kc6 {[%clk 0:08:16]} 1-0

[Event "WYCC Girls U16"]
[Site "Porto Carras"]
[Date "2015.10.31"]
[Round "6.10"]
[White "Alinasab, Mobina"]
[Black "Gitu, Paula-Alexandra"]
[Result "1-0"]
[BlackElo "2051"]
[WhiteElo "1993"]
[LiveChessVersion "1.4.6"]

1. e4 {[%clk 1:30:55]} d6 {[%clk 1:30:57]} 2. d4 {[%clk 1:31:15]} Nf6
{[%clk 1:31:23]} 3. Nc3 {[%clk 1:31:36]} e5 {[%clk 1:31:49]} 4. Nf3
{[%clk 1:31:06]} Nbd7 {[%clk 1:32:13]} 5. Bc4 {[%clk 1:31:30]} Be7
{[%clk 1:32:36]} 6. O-O {[%clk 1:31:53]} O-O {[%clk 1:32:50]} 7. Qe2
{[%clk 1:32:04]} c6 {[%clk 1:33:02]} 8. a4 {[%clk 1:32:25]} Qc7 {[%clk 1:32:05]}
9. h3 {[%clk 1:32:54]} exd4 {[%clk 1:29:22]} 10. Nxd4 {[%clk 1:33:14]} Ne5
{[%clk 1:29:41]} 11. Bb3 {[%clk 1:31:23]} Re8 {[%clk 1:27:52]} 12. Bg5
{[%clk 1:17:05]} h6 {[%clk 1:25:22]} 13. Bh4 {[%clk 1:12:49]} Ng6
{[%clk 1:17:28]} 14. Bg3 {[%clk 1:10:35]} Bf8 {[%clk 1:14:45]} 15. Rfe1
{[%clk 1:07:55]} Ne5 {[%clk 0:21:03]} 16. Rad1 {[%clk 1:04:49]} a6
{[%clk 0:19:02]} 17. f4 {[%clk 0:33:57]} Ned7 {[%clk 0:16:59]} 18. Kh2
{[%clk 0:28:58]} Nc5 {[%clk 0:14:15]} 19. Qf3 {[%clk 0:29:12]} Nxb3
{[%clk 0:13:25]} 20. Nxb3 {[%clk 0:29:15]} Be6 {[%clk 0:12:02]} 21. Nd4
{[%clk 0:29:13]} Rad8 {[%clk 0:10:25]} 22. Bh4 {[%clk 0:26:14]} Be7
{[%clk 0:09:10]} 23. Nxe6 {[%clk 0:25:15]} fxe6 {[%clk 0:09:39]} 24. Bg3
{[%clk 0:23:45]} Rf8 {[%clk 0:04:12]} 25. Qe2 {[%clk 0:23:37]} Nd7
{[%clk 0:01:05]} 26. Qc4 {[%clk 0:22:49]} Nc5 {[%clk 0:01:17]} 27. b4
{[%clk 0:22:23]} d5 {[%clk 0:01:06]} 28. exd5 {[%clk 0:22:20]} exd5
{[%clk 0:01:33]} 29. Rxe7 {[%clk 0:18:13]} Qxe7 {[%clk 0:02:01]} 30. Qxc5
{[%clk 0:18:42]} Qxc5 {[%clk 0:02:30]} 31. bxc5 {[%clk 0:19:11]} Rde8
{[%clk 0:01:54]} 32. Kg1 {[%clk 0:18:31]} Re3 {[%clk 0:01:04]} 33. Rd3
{[%clk 0:19:00]} d4 {[%clk 0:00:36]} 34. Rxe3 {[%clk 0:16:47]} dxe3
{[%clk 0:01:05]} 35. Ne4 {[%clk 0:11:05]} Rd8 {[%clk 0:00:34]} 36. Nd6
{[%clk 0:10:10]} b6 {[%clk 0:00:41]} 37. Kf1 {[%clk 0:09:53]} bxc5
{[%clk 0:00:59]} 38. f5 {[%clk 0:10:20]} Rb8 {[%clk 0:00:54]} 39. Ke2
{[%clk 0:03:38]} Rb4 {[%clk 0:00:45]} 40. a5 {[%clk 0:30:42]} Ra4
{[%clk 0:30:33]} 41. Nb7 {[%clk 0:30:36]} Ra2 {[%clk 0:30:29]} 42. Kxe3
{[%clk 0:27:45]} Rxc2 {[%clk 0:30:45]} 43. Be1 {[%clk 0:27:39]} Kf7
{[%clk 0:18:40]} 44. Kd3 {[%clk 0:27:10]} Rxg2 {[%clk 0:18:15]} 45. Nxc5
{[%clk 0:27:29]} Ke7 {[%clk 0:17:38]} 46. Nxa6 {[%clk 0:25:27]} Kf6
{[%clk 0:02:41]} 47. Nb4 {[%clk 0:18:35]} c5 {[%clk 0:01:49]} 48. Nd5+
{[%clk 0:18:55]} Ke5 {[%clk 0:02:14]} 49. Ne3 {[%clk 0:19:14]} Ra2
{[%clk 0:02:29]} 50. Bc3+ {[%clk 0:16:16]} Kf4 {[%clk 0:02:40]} 51. Bxg7
{[%clk 0:16:01]} Rxa5 {[%clk 0:01:16]} 52. Bxh6+ {[%clk 0:14:36]} Kg3
{[%clk 0:00:49]} 53. f6 {[%clk 0:14:51]} Ra7 {[%clk 0:01:06]} 54. Nf5+
{[%clk 0:10:39]} Kxh3 {[%clk 0:01:17]} 55. Ne7 {[%clk 0:11:03]} Ra6
{[%clk 0:01:02]} 56. Bg7 {[%clk 0:11:17]} Rxf6 {[%clk 0:00:54]} 57. Bxf6
{[%clk 0:11:47]} Kg4 {[%clk 0:01:20]} 58. Kc4 {[%clk 0:11:53]} Kf4
{[%clk 0:01:41]} 59. Kxc5 {[%clk 0:12:18]} Ke4 {[%clk 0:02:09]} 60. Bd4
{[%clk 0:12:32]} Kf4 {[%clk 0:02:26]} 61. Kd5 {[%clk 0:12:46]} Kf3
{[%clk 0:02:37]} 62. Ke5 {[%clk 0:13:11]} Kg4 {[%clk 0:02:52]} 63. Ke4
{[%clk 0:13:10]} Kg3 {[%clk 0:03:17]} 64. Kf5 {[%clk 0:12:30]} Kf3
{[%clk 0:03:41]} 65. Ng6 {[%clk 0:11:55]} Kg3 {[%clk 0:03:29]} 66. Be3
{[%clk 0:11:43]} Kf3 {[%clk 0:03:40]} 67. Bf4 {[%clk 0:12:11]} Kf2
{[%clk 0:03:17]} 68. Kg4 {[%clk 0:11:59]} Kg2 {[%clk 0:03:43]} 69. Bg3
{[%clk 0:12:25]} Kg1 {[%clk 0:03:41]} 70. Kf3 {[%clk 0:12:49]} Kh1
{[%clk 0:03:50]} 71. Nf4 {[%clk 0:12:32]} Kg1 {[%clk 0:04:16]} 72. Nh3+
{[%clk 0:09:11]} Kh1 {[%clk 0:04:29]} 73. Nf2+ {[%clk 0:08:58]} Kg1
{[%clk 0:04:54]} 74. Bf4 {[%clk 0:07:05]} Kf1 {[%clk 0:05:15]} 75. Bh2
{[%clk 0:07:34]} Ke1 {[%clk 0:05:35]} 76. Ne4 {[%clk 0:07:09]} Kf1
{[%clk 0:05:55]} 77. Nd2+ {[%clk 0:07:28]} Ke1 {[%clk 0:06:20]} 78. Ke3
{[%clk 0:07:56]} Kd1 {[%clk 0:06:42]} 79. Kd3 {[%clk 0:08:16]} Kc1
{[%clk 0:06:48]} 80. Nc4 {[%clk 0:08:22]} Kd1 {[%clk 0:06:34]} 81. Bg3
{[%clk 0:08:41]} Kc1 {[%clk 0:06:52]} 82. Bf2 {[%clk 0:08:49]} Kd1
{[%clk 0:07:14]} 83. Nb2+ {[%clk 0:08:55]} Kc1 {[%clk 0:07:38]} 84. Kc3
{[%clk 0:09:09]} Kb1 {[%clk 0:08:03]} 85. Kb3 {[%clk 0:09:38]} Kc1
{[%clk 0:08:16]} 86. Be3+ {[%clk 0:10:07]} Kb1 {[%clk 0:08:41]} 87. Nc4
{[%clk 0:10:21]} Ka1 {[%clk 0:09:06]} 88. Bf4 {[%clk 0:10:48]} Kb1
{[%clk 0:09:29]} 89. Na3+ {[%clk 0:11:17]} 1-0

[Event "WYCC Girls U16"]
[Site "Porto Carras"]
[Date "2015.10.31"]
[Round "6.11"]
[White "Dordzhieva, Dinara"]
[Black "Feng, Maggie"]
[Result "1/2-1/2"]
[BlackElo "1969"]
[WhiteElo "2298"]
[LiveChessVersion "1.4.6"]

1. Nf3 {[%clk 1:30:48]} d5 {[%clk 1:30:37]} 2. b3 {[%clk 1:29:27]} Nf6
{[%clk 1:28:00]} 3. Bb2 {[%clk 1:29:17]} c5 {[%clk 1:22:19]} 4. e3
{[%clk 1:27:46]} e6 {[%clk 1:20:26]} 5. d4 {[%clk 1:27:39]} Bd6 {[%clk 1:18:43]}
6. Bd3 {[%clk 1:27:25]} O-O {[%clk 1:17:59]} 7. Nbd2 {[%clk 1:25:43]} cxd4
{[%clk 1:06:36]} 8. exd4 {[%clk 1:25:50]} Nc6 {[%clk 1:03:42]} 9. a3
{[%clk 1:25:47]} Qc7 {[%clk 1:02:09]} 10. O-O {[%clk 1:24:09]} a5
{[%clk 0:59:41]} 11. Qe2 {[%clk 1:21:03]} a4 {[%clk 0:57:03]} 12. Ne5
{[%clk 1:10:00]} Qb6 {[%clk 0:53:06]} 13. Nxc6 {[%clk 1:04:12]} bxc6
{[%clk 0:50:36]} 14. b4 {[%clk 0:54:58]} Ba6 {[%clk 0:40:04]} 15. g3
{[%clk 0:52:11]} Rfe8 {[%clk 0:36:13]} 16. Rac1 {[%clk 0:51:36]} Nd7
{[%clk 0:32:28]} 17. c4 {[%clk 0:46:58]} Qb8 {[%clk 0:24:45]} 18. f4
{[%clk 0:44:12]} Bf8 {[%clk 0:19:49]} 19. Rc2 {[%clk 0:34:52]} g6
{[%clk 0:14:58]} 20. Rb1 {[%clk 0:26:42]} Bg7 {[%clk 0:12:02]} 21. Ba1
{[%clk 0:25:04]} dxc4 {[%clk 0:08:23]} 22. Nxc4 {[%clk 0:20:04]} Bb5
{[%clk 0:06:23]} 23. Rbc1 {[%clk 0:17:11]} Qa7 {[%clk 0:02:54]} 24. Qf2
{[%clk 0:16:25]} Red8 {[%clk 0:02:30]} 25. Be4 {[%clk 0:16:11]} Nf6
{[%clk 0:01:47]} 26. Bf3 {[%clk 0:16:28]} Nd5 {[%clk 0:01:42]} 27. Na5
{[%clk 0:13:58]} Ne7 {[%clk 0:01:37]} 28. Rc5 {[%clk 0:14:18]} Rd6
{[%clk 0:01:26]} 29. Bxc6 {[%clk 0:06:53]} Nxc6 {[%clk 0:01:18]} 30. Nxc6
{[%clk 0:07:21]} Bxc6 {[%clk 0:01:21]} 31. Rxc6 {[%clk 0:07:45]} Bxd4
{[%clk 0:00:58]} 32. Bxd4 {[%clk 0:07:37]} Rxd4 {[%clk 0:01:07]} 33. b5
{[%clk 0:05:09]} Rad8 {[%clk 0:01:10]} 34. Rc8 {[%clk 0:05:07]} Qb7
{[%clk 0:01:11]} 35. Qxd4 {[%clk 0:04:20]} Rxc8 {[%clk 0:01:32]} 36. Rxc8+
{[%clk 0:04:12]} Qxc8 {[%clk 0:01:58]} 37. Qxa4 {[%clk 0:00:53]} Qc1+
{[%clk 0:01:24]} 38. Kg2 {[%clk 0:01:00]} Qd2+ {[%clk 0:01:40]} 39. Kh3
{[%clk 0:00:42]} Qd5 {[%clk 0:02:06]} 40. Qb4 {[%clk 0:30:40]} Qh5+
{[%clk 0:32:13]} 41. Kg2 {[%clk 0:31:07]} Qe2+ {[%clk 0:32:03]} 42. Kg1
{[%clk 0:31:25]} Qe3+ {[%clk 0:30:42]} 43. Kf1 {[%clk 0:31:35]} Qf3+
{[%clk 0:27:10]} 44. Ke1 {[%clk 0:29:42]} Qh1+ {[%clk 0:20:19]} 45. Kf2
{[%clk 0:28:09]} Qxh2+ {[%clk 0:20:20]} 46. Kf3 {[%clk 0:28:36]} Qh1+
{[%clk 0:19:45]} 47. Ke3 {[%clk 0:29:02]} Qg1+ {[%clk 0:17:35]} 48. Ke4
{[%clk 0:25:49]} Qg2+ {[%clk 0:15:56]} 49. Kd4 {[%clk 0:21:58]} Qxg3
{[%clk 0:09:35]} 50. Qd6 {[%clk 0:14:52]} Qf2+ {[%clk 0:08:17]} 51. Kc4
{[%clk 0:15:15]} Qc2+ {[%clk 0:08:02]} 52. Kb4 {[%clk 0:15:23]} Qe4+
{[%clk 0:06:14]} 53. Kc5 {[%clk 0:14:22]} Qc2+ {[%clk 0:04:55]} 54. Kb6
{[%clk 0:14:02]} h5 {[%clk 0:04:34]} 55. Kb7 {[%clk 0:11:44]} Qe4+
{[%clk 0:03:17]} 56. Kb8 {[%clk 0:11:38]} Kg7 {[%clk 0:02:42]} 57. b6
{[%clk 0:08:13]} h4 {[%clk 0:02:55]} 58. f5 {[%clk 0:06:14]} Qd5 {[%clk 0:00:58]}
59. Qc7 {[%clk 0:03:46]} h3 {[%clk 0:00:48]} 60. Qc3+ {[%clk 0:03:27]} e5
{[%clk 0:01:01]} 61. Qxh3 {[%clk 0:02:14]} Qd8+ {[%clk 0:01:10]} 62. Ka7
{[%clk 0:02:38]} Qd7+ {[%clk 0:01:02]} 63. b7 {[%clk 0:03:04]} Qd4+
{[%clk 0:00:48]} 64. Ka8 {[%clk 0:02:30]} Qa4+ {[%clk 0:01:15]} 65. Kb8
{[%clk 0:02:58]} Qe8+ {[%clk 0:01:39]} 66. Ka7 {[%clk 0:02:23]} Qa4+
{[%clk 0:02:02]} 67. Kb8 {[%clk 0:01:54]} Qe8+ {[%clk 0:02:27]} 68. Kc7
{[%clk 0:02:22]} Qe7+ {[%clk 0:02:51]} 69. Kc6 {[%clk 0:01:44]} Qe8+
{[%clk 0:02:54]} 70. Kc5 {[%clk 0:01:45]} Qe7+ {[%clk 0:02:47]} 71. Kc6
{[%clk 0:01:53]} Qe8+ {[%clk 0:03:12]} 72. Kb6 {[%clk 0:01:39]} Qd8+
{[%clk 0:03:32]} 73. Ka6 {[%clk 0:01:22]} Qd6+ {[%clk 0:03:41]} 74. Ka7
{[%clk 0:01:46]} Qc5+ {[%clk 0:03:49]} 75. Kb8 {[%clk 0:01:58]} Qd6+
{[%clk 0:03:48]} 76. Kc8 {[%clk 0:01:42]} Qc6+ {[%clk 0:04:04]} 1/2-1/2

[Event "WYCC Girls U16"]
[Site "Porto Carras"]
[Date "2015.10.31"]
[Round "6.12"]
[White "Unuk, Laura"]
[Black "Toporkova, Sofia"]
[Result "1-0"]
[BlackElo "1950"]
[WhiteElo "2244"]
[LiveChessVersion "1.4.6"]

1. d4 {[%clk 1:30:56]} d5 {[%clk 1:30:57]} 2. c4 {[%clk 1:31:10]} e6
{[%clk 1:31:16]} 3. Nf3 {[%clk 1:31:14]} c6 {[%clk 1:31:35]} 4. g3
{[%clk 1:26:28]} dxc4 {[%clk 1:31:17]} 5. Bg2 {[%clk 1:26:38]} b5
{[%clk 1:31:31]} 6. O-O {[%clk 1:26:38]} Nd7 {[%clk 1:29:28]} 7. a4
{[%clk 1:26:14]} Bb7 {[%clk 1:29:38]} 8. e4 {[%clk 1:24:57]} Ngf6
{[%clk 1:24:05]} 9. Qe2 {[%clk 1:21:43]} a6 {[%clk 1:23:22]} 10. Nc3
{[%clk 1:19:10]} Bb4 {[%clk 1:22:21]} 11. Bd2 {[%clk 1:12:52]} Qe7
{[%clk 1:14:22]} 12. e5 {[%clk 1:10:26]} Nd5 {[%clk 1:14:10]} 13. Ne4
{[%clk 1:10:28]} O-O {[%clk 1:11:06]} 14. Bxb4 {[%clk 1:07:44]} Nxb4
{[%clk 1:10:40]} 15. Nd6 {[%clk 1:03:34]} Nb6 {[%clk 1:09:59]} 16. Nd2
{[%clk 1:01:19]} f5 {[%clk 1:05:06]} 17. b3 {[%clk 0:57:20]} cxb3
{[%clk 0:52:22]} 18. Nxb3 {[%clk 0:55:58]} Nxa4 {[%clk 0:43:27]} 19. Na5
{[%clk 0:51:49]} Rab8 {[%clk 0:33:35]} 20. Qd2 {[%clk 0:47:36]} Nd5
{[%clk 0:30:41]} 21. Rfc1 {[%clk 0:40:20]} Qd7 {[%clk 0:22:12]} 22. Naxb7
{[%clk 0:33:38]} Rxb7 {[%clk 0:22:42]} 23. Nxb7 {[%clk 0:33:47]} Qxb7
{[%clk 0:23:10]} 24. Qc2 {[%clk 0:31:17]} Ndc3 {[%clk 0:10:23]} 25. Ra3
{[%clk 0:29:20]} Rc8 {[%clk 0:04:30]} 26. Rxc3 {[%clk 0:28:08]} Nxc3
{[%clk 0:04:58]} 27. Qxc3 {[%clk 0:28:31]} Rc7 {[%clk 0:03:19]} 28. Bxc6
{[%clk 0:28:01]} Qc8 {[%clk 0:02:53]} 29. d5 {[%clk 0:28:14]} g5 {[%clk 0:02:22]}
30. d6 {[%clk 0:28:00]} Rf7 {[%clk 0:02:38]} 31. Qd2 {[%clk 0:25:48]} f4
{[%clk 0:02:47]} 32. Bxb5 {[%clk 0:25:51]} 1-0

[Event "WYCC Girls U16"]
[Site "Porto Carras"]
[Date "2015.11.01"]
[Round "7.1"]
[White "Abdusattorova, Bakhora"]
[Black "Zhou, Qiyu"]
[Result "1/2-1/2"]
[BlackElo "2328"]
[WhiteElo "2120"]
[LiveChessVersion "1.4.6"]

1. d4 {[%clk 1:30:41]} Nf6 {[%clk 1:30:56]} 2. c4 {[%clk 1:31:05]} e6
{[%clk 1:31:24]} 3. Nc3 {[%clk 1:31:29]} Bb4 {[%clk 1:31:50]} 4. e3
{[%clk 1:31:52]} O-O {[%clk 1:32:06]} 5. Nge2 {[%clk 1:32:17]} d5
{[%clk 1:32:30]} 6. a3 {[%clk 1:32:38]} Be7 {[%clk 1:32:54]} 7. cxd5
{[%clk 1:33:02]} exd5 {[%clk 1:33:19]} 8. Nf4 {[%clk 1:33:25]} a5
{[%clk 1:28:56]} 9. Bd3 {[%clk 1:33:23]} c6 {[%clk 1:25:15]} 10. O-O
{[%clk 1:33:30]} Nbd7 {[%clk 1:25:00]} 11. f3 {[%clk 1:32:39]} Nb6
{[%clk 1:20:02]} 12. Bc2 {[%clk 1:20:23]} c5 {[%clk 1:16:14]} 13. Kh1
{[%clk 1:15:53]} Re8 {[%clk 1:09:12]} 14. Re1 {[%clk 1:06:32]} Bf8
{[%clk 0:55:07]} 15. b3 {[%clk 0:57:44]} Qc7 {[%clk 0:46:07]} 16. Bb2
{[%clk 0:54:35]} Bd7 {[%clk 0:38:57]} 17. dxc5 {[%clk 0:46:21]} Qxc5
{[%clk 0:37:48]} 18. Rc1 {[%clk 0:46:30]} Qd6 {[%clk 0:30:04]} 19. Qd3
{[%clk 0:41:18]} g6 {[%clk 0:23:49]} 20. Nb5 {[%clk 0:39:39]} Bxb5
{[%clk 0:21:56]} 21. Qxb5 {[%clk 0:39:50]} Bg7 {[%clk 0:20:00]} 22. Bd4
{[%clk 0:37:31]} Nfd7 {[%clk 0:17:04]} 23. Rcd1 {[%clk 0:31:48]} Rac8
{[%clk 0:06:46]} 24. Bxg7 {[%clk 0:26:15]} Rc5 {[%clk 0:03:32]} 25. Qe2
{[%clk 0:19:07]} Kxg7 {[%clk 0:03:50]} 26. Rd4 {[%clk 0:14:09]} Rc3
{[%clk 0:03:17]} 27. Qd2 {[%clk 0:09:36]} Rec8 {[%clk 0:03:15]} 28. Bd1
{[%clk 0:09:16]} Qxa3 {[%clk 0:02:08]} 29. Nxd5 {[%clk 0:09:09]} Nxd5
{[%clk 0:01:55]} 30. Rxd5 {[%clk 0:09:34]} Nf6 {[%clk 0:01:33]} 31. Rd8
{[%clk 0:06:45]} Rxd8 {[%clk 0:01:07]} 32. Qxc3 {[%clk 0:06:59]} Qa2
{[%clk 0:00:45]} 33. Bc2 {[%clk 0:05:45]} Qa3 {[%clk 0:00:39]} 34. Bd1
{[%clk 0:03:46]} Qd6 {[%clk 0:00:35]} 35. Be2 {[%clk 0:03:55]} Qd2
{[%clk 0:00:37]} 36. Qc1 {[%clk 0:02:18]} Qb4 {[%clk 0:00:35]} 37. Rd1
{[%clk 0:02:04]} Rxd1+ {[%clk 0:00:37]} 38. Qxd1 {[%clk 0:02:33]} Ne8
{[%clk 0:00:35]} 39. Kg1 {[%clk 0:02:25]} Nd6 {[%clk 0:00:58]} 40. Kf1
{[%clk 0:31:31]} b5 {[%clk 0:30:46]} 41. Qa1+ {[%clk 0:19:56]} Kg8
{[%clk 0:27:56]} 42. Bd1 {[%clk 0:17:27]} Qd2 {[%clk 0:23:41]} 43. e4
{[%clk 0:16:30]} Nb7 {[%clk 0:17:16]} 44. Be2 {[%clk 0:13:54]} Qb4
{[%clk 0:05:00]} 45. Qe5 {[%clk 0:13:26]} Nd6 {[%clk 0:02:56]} 46. Qe7
{[%clk 0:11:33]} Qd2 {[%clk 0:02:02]} 47. e5 {[%clk 0:10:21]} Qc1+
{[%clk 0:01:20]} 48. Kf2 {[%clk 0:10:42]} Qc5+ {[%clk 0:01:41]} 49. Kf1
{[%clk 0:10:58]} Qc1+ {[%clk 0:01:38]} 50. Kf2 {[%clk 0:11:26]} Qc5+
{[%clk 0:01:34]} 1/2-1/2

[Event "WYCC Girls U16"]
[Site "Porto Carras"]
[Date "2015.11.01"]
[Round "7.2"]
[White "Avramidou, Anastasia"]
[Black "Gazikova, Veronika"]
[Result "1/2-1/2"]
[BlackElo "2190"]
[WhiteElo "2249"]
[LiveChessVersion "1.4.6"]

1. e4 {[%clk 1:30:57]} Nf6 {[%clk 1:30:54]} 2. e5 {[%clk 1:31:22]} Nd5
{[%clk 1:31:19]} 3. d4 {[%clk 1:31:46]} d6 {[%clk 1:31:45]} 4. c4
{[%clk 1:32:12]} Nb6 {[%clk 1:32:10]} 5. f4 {[%clk 1:32:38]} g6 {[%clk 1:32:18]}
6. Be3 {[%clk 1:32:55]} Bg7 {[%clk 1:32:36]} 7. Nc3 {[%clk 1:33:18]} O-O
{[%clk 1:32:25]} 8. c5 {[%clk 1:33:29]} dxc5 {[%clk 1:26:29]} 9. dxc5
{[%clk 1:33:44]} N6d7 {[%clk 1:26:55]} 10. Bc4 {[%clk 1:28:35]} e6
{[%clk 1:27:12]} 11. Nf3 {[%clk 1:25:02]} b6 {[%clk 1:23:16]} 12. O-O
{[%clk 1:20:55]} Bb7 {[%clk 1:20:56]} 13. Qe2 {[%clk 1:16:30]} Qe7
{[%clk 1:19:28]} 14. cxb6 {[%clk 1:12:53]} axb6 {[%clk 1:18:24]} 15. Nb5
{[%clk 1:09:46]} Na6 {[%clk 1:17:56]} 16. a4 {[%clk 1:02:43]} Ndc5
{[%clk 0:54:27]} 17. a5 {[%clk 0:52:21]} Nb4 {[%clk 0:45:40]} 18. axb6
{[%clk 0:39:16]} cxb6 {[%clk 0:46:04]} 19. Nd6 {[%clk 0:39:09]} Rxa1
{[%clk 0:41:30]} 20. Rxa1 {[%clk 0:38:49]} Ra8 {[%clk 0:41:49]} 21. Rxa8+
{[%clk 0:38:21]} Bxa8 {[%clk 0:42:13]} 22. Qd2 {[%clk 0:35:02]} Nd5
{[%clk 0:30:47]} 23. Bxc5 {[%clk 0:33:25]} bxc5 {[%clk 0:30:56]} 24. Qa5
{[%clk 0:33:49]} Nc7 {[%clk 0:27:35]} 25. Qxc5 {[%clk 0:33:11]} Bxf3
{[%clk 0:27:20]} 26. gxf3 {[%clk 0:33:39]} g5 {[%clk 0:13:53]} 27. Ne4
{[%clk 0:24:39]} Qxc5+ {[%clk 0:14:16]} 28. Nxc5 {[%clk 0:25:08]} gxf4
{[%clk 0:14:39]} 29. Nd7 {[%clk 0:25:23]} Bf8 {[%clk 0:08:36]} 30. Nxf8
{[%clk 0:18:39]} Kxf8 {[%clk 0:09:01]} 31. Kf1 {[%clk 0:18:56]} Ke7
{[%clk 0:06:30]} 32. Ke2 {[%clk 0:17:47]} f6 {[%clk 0:05:31]} 33. exf6+
{[%clk 0:16:16]} Kxf6 {[%clk 0:05:56]} 34. Bd3 {[%clk 0:13:55]} h6
{[%clk 0:06:04]} 35. Be4 {[%clk 0:14:06]} Ke5 {[%clk 0:05:06]} 36. Kd3
{[%clk 0:14:08]} Kd6 {[%clk 0:03:57]} 37. b4 {[%clk 0:11:40]} e5 {[%clk 0:04:02]}
38. Bb7 {[%clk 0:05:42]} Nb5 {[%clk 0:01:41]} 39. Ke4 {[%clk 0:04:06]} Nc3+
{[%clk 0:01:32]} 40. Kf5 {[%clk 0:32:59]} Na2 {[%clk 0:31:59]} 41. b5
{[%clk 0:28:52]} Nc3 {[%clk 0:28:13]} 42. Bc6 {[%clk 0:29:11]} Ne2
{[%clk 0:28:16]} 43. h4 {[%clk 0:14:59]} 1/2-1/2